| 000 | 00364cam a22001217a 4500 | ||
|---|---|---|---|
| 008 | 180718b1958 xxu||||| |||| 00| 0 eng d | ||
| 082 | _aB7x54 M778 | ||
| 100 | _aMookerji, Radhakumud | ||
| 245 |
_aLocal government in ancient India _cby Radhakumud Mookerji |
||
| 260 |
_aDelhi _bMoti Lal Bansari Dass _c1958 |
||
| 300 | _axxv, 338p | ||
| 650 | _aLocal government-India. | ||
| 999 |
_c408889 _d408889 |
||